| Поле | Инд. | ПП | Название | Значение |
|---|---|---|---|---|
| Тип записи | a | |||
| Библиографический уровень | m | |||
| 001 | Контрольный номер | RU/IS/BASE/227786663 | ||
| 005 | Дата корректировки | 20250424144919.1 | ||
| 008 | Кодируемые данные | 20070321 | ||
| 040 | b | Код языка каталог. | rus | |
| e | Правила каталог. | PSBO | ||
| 041 | 0_ | a | Код языка текста | rus |
| 084 | a | Индекс другой классификации/Индекс ББК | 22.1я43; 22.181я43; 22.185я43; 22.17я43 | |
| 090 | a | Полочн. индекс | 22.1я43 испр. | |
| x | Авторский знак | М 34 | ||
| 245 | 10 | a | Заглавие | Математическое моделирование |
| c | Ответственность | редакторы Дж. Эндрюс, Р. Мак-Лоун; перевод с английского под редакцией Ю. П. Гупало | ||
| 260 | a | Место издания | Москва | |
| b | Издательство | Мир | ||
| c | Дата издания | 1979 | ||
| 300 | a | Объем | 277 с. | |
| 336 | a | Термин вида содержания | Текст | |
| 337 | a | Термин типа средства | непосредственный | |
| 505 | 0_ | a | Форматированное содержание | Математическое моделирование - искусство применения математики |
| b | Автор | Мак-Лоун Р. Р. | ||
| 505 | 0_ | a | Форматированное содержание | Задачи управления движением |
| b | Автор | Крэггс Дж. У. | ||
| 505 | 0_ | a | Форматированное содержание | Почему строят трехступенчатые ракеты? |
| b | Автор | Нобл Б. | ||
| 505 | 0_ | a | Форматированное содержание | Истечение жидкости из емкости |
| b | Автор | Керл Н. | ||
| 505 | 0_ | a | Форматированное содержание | Модели молекул |
| b | Автор | Холл Дж. Дж. | ||
| 505 | 0_ | a | Форматированное содержание | Сверление лазером |
| b | Автор | Эндрюс Дж. Дж. | ||
| b | Автор | Этси Д. Р. | ||
| 505 | 0_ | a | Форматированное содержание | Исследование напряжений в конструкциях и начала метода конечных элементов |
| b | Автор | Зенкевич О. К. | ||
| 505 | 0_ | a | Форматированное содержание | Модели популяций |
| b | Автор | Мэрди Дж. | ||
| 505 | 0_ | a | Форматированное содержание | Дифференциальная модель сахарного диабета |
| b | Автор | Дэвис М. Дж. | ||
| 505 | 0_ | a | Форматированное содержание | Стохастические модели дорожного движения |
| b | Автор | Эштон У. Д. | ||
| 505 | 0_ | a | Форматированное содержание | Модель планирования деятельности предприятия |
| b | Автор | Ломас Т. | ||
| 505 | 0_ | a | Форматированное содержание | Управление структурой преподавательского состава в университете |
| b | Автор | Бартоломью Д. Дж. | ||
| 505 | 0_ | a | Форматированное содержание | Математическая модель страхования автомобилей |
| b | Автор | Берд Р. Э. | ||
| 505 | 0_ | a | Форматированное содержание | Военное приложение теории игр |
| b | Автор | Хилл У. | ||
| 505 | 0_ | a | Форматированное содержание | Сетевые модели |
| b | Автор | Карре Б. А. | ||
| 505 | 0_ | a | Форматированное содержание | Городская структура |
| b | Автор | Эткин Р. Х. | ||
| 505 | 0_ | a | Форматированное содержание | Структурная устойчивость математических моделей. Значение методов теории катастроф |
| b | Автор | Чиллингуорт Д. | ||
| 650 | 04 | a | Основная рубрика | математика |
| 653 | 0_ | a | Ключевые слова | городская структура |
| a | Ключевые слова | деятельность предприятия | ||
| a | Ключевые слова | дифференциальные модели | ||
| a | Ключевые слова | дорожное движение | ||
| a | Ключевые слова | истечение жидкости | ||
| a | Ключевые слова | математические модели | ||
| a | Ключевые слова | математическое моделирование | ||
| a | Ключевые слова | метод конечных элементов | ||
| a | Ключевые слова | методы теории катастроф | ||
| a | Ключевые слова | минирование | ||
| a | Ключевые слова | модели молекул | ||
| a | Ключевые слова | модели популяций | ||
| a | Ключевые слова | напряжения конструкций | ||
| a | Ключевые слова | планирование | ||
| a | Ключевые слова | преподавательский состав | ||
| a | Ключевые слова | сахарный диабет | ||
| a | Ключевые слова | сверление лазером | ||
| a | Ключевые слова | сетевые модели | ||
| a | Ключевые слова | смешанные стратегии | ||
| a | Ключевые слова | стохастические модели | ||
| a | Ключевые слова | страхование автотранспорта | ||
| a | Ключевые слова | структурная устойчивость | ||
| a | Ключевые слова | теория игр | ||
| a | Ключевые слова | теория катастроф | ||
| a | Ключевые слова | трехступенчатые ракеты | ||
| a | Ключевые слова | управление | ||
| a | Ключевые слова | управление движением | ||
| 700 | 12 | a | Автор | Эндрюс Дж. |
| 700 | 1_ | a | Автор | Мак-Лоун Р. |
| 700 | 1_ | a | Автор | Крэггс Дж. У. |
| 700 | 1_ | a | Автор | Нобл Б. |
| 700 | 1_ | a | Автор | Керл Н. |
| 700 | 1_ | a | Автор | Холл Дж. Дж. |
| 700 | 1_ | a | Автор | Этси Д. Р. |
| 700 | 1_ | a | Автор | Зенкевич О. К. |
| 700 | 1_ | a | Автор | Мэрди Дж. |
| 700 | 1_ | a | Автор | Дэвис М. Дж. |
| 700 | 1_ | a | Автор | Эштон У. Д. |
| 700 | 1_ | a | Автор | Ломас Т. |
| 700 | 1_ | a | Автор | Бартоломью Д. Дж. |
| 700 | 1_ | a | Автор | Берд Р. Э. |
| 700 | 1_ | a | Автор | Хилл У. |
| 700 | 1_ | a | Автор | Карре Б. А. |
| 700 | 1_ | a | Автор | Эткин Р. Х. |
| 700 | 1_ | a | Автор | Чиллингуорт Д. |
| 700 | 1_ | a | Автор | Гупало Ю. П. |
| e | Роль лиц | редактор перевода | ||
| 901 | t | Тип документа | m | |
| 952 | a | Тип литературы для КСУ ВШ | НАУ |